000 00733nam a2200169 4500
999 _c3321
_d3321
020 _a9780070656147
050 _aHG4026
100 _aM Y Khan
245 _aFinancial management :
_btext, problems and cases
_c M Y Khan, P K. Jain.
250 _a5th ed
260 _aNew Delhi :
_bTata McGraw-Hill,
_c©2007
300 _axxiii, 37.25p
_bill,
_c24cm
500 _aIncludes index
505 _aFoundation of finance Financial analysis, profit planning and control Long-Term investment decision Current assets management Financing decision Long-Term financing Risk management Dividend decision Valuation and corporate restructuring International finance Special topics
700 _aPramod Kumar Jain
942 _cBK